Anime Characters by their Drip - Statistics

General Stats
  • This quiz has been taken 142 times
  • The average score is 4 of 18
Answer Stats
Hint Answer % Correct
Black hair with a hat and with a red jacket and yellow buttons Luffy
75%
Black-red hair with a green jacket and kimonos Tanjiro
42%
Blue-black hair with a blue soccer costume Isagi
41%
Yellow hair with a red jacket and with a metal arm Edward Elric
38%
Orange hair with black jacket Ichigo
38%
Black hair with a red eye and red clouds Itachi
34%
Black hair with an orange shirt and blue ties Goku
32%
Green-black spiky hair with a green jacket Gon
24%
Pink hair with blue glasses and alien type ears Saiki K
24%
Red hair with a red rash on his eye with a school costume Shoto
19%
Blue hair with stitches all over his body and black jacket Mahito
12%
Black hair with weird scary eyes and a white shirt L
7%
Yellow-pink-black hair and a gold chain Yugi
7%
Red hair in a school costume and orange eyes(?) Karma
6%
Red-orange with wings and breathes fire with claws Charizard
4%
Yellow hair with glasses with a yellow beard Zeke Yeager
3%
Yellow hair with a yellow jacket and a black shirt Dio
1%
White spiky hair with a black cut jacket and a yellow scarf Garou
0%
No matching quizzes found
Score Distribution
Percent of People with Each Score
Percentile by Number Answered
Your Score History
You have not taken this quiz